Southville International School and Colleges
Your cart is empty.
  • Cart
  • Lists
    Public lists Eva Luna New books Lux_list list_1
    Your lists Log in to create your own lists
  • Log in to your account
  • Your cookies
  • Search history
Southville International School and Colleges
  • Advanced search
  • Recent comments
  • Most popular
  • Libraries

Log in to your account

Log in with GOOGLE


If you do not have an external account, but do have a local account, you can still log in:

  1. Home
  2. MARC view: Getting to the heart of leadership :
Normal view MARC view ISBD view

Getting to the heart of leadership : (Record no. 24723)

[ view plain ]
MARC details
000 -LEADER
fixed length control field 00553nam a2200181 a 4500
005 - DATE AND TIME OF LATEST TRANSACTION
control field 20140310183536.0
008 - FIXED-LENGTH DATA ELEMENTS--GENERAL INFORMATION
fixed length control field 111027s19uu xx 00 eng d
020 ## - INTERNATIONAL STANDARD BOOK NUMBER
International Standard Book Number 9781847871701
050 ## - LIBRARY OF CONGRESS CALL NUMBER
Classification number LB 2806
Item number .C69 2009
100 ## - MAIN ENTRY--PERSONAL NAME
Personal name Crawford, Megan
245 ## - TITLE STATEMENT
Title Getting to the heart of leadership :
Remainder of title emotion and educational leadership /
Statement of responsibility, etc Megan Crawford.
260 ## - PUBLICATION, DISTRIBUTION, ETC. (IMPRINT)
Place of publication, distribution, etc London :
Name of publisher, distributor, etc SAGE,
Date of publication, distribution, etc 2009.
300 ## - PHYSICAL DESCRIPTION
Extent 182 p. :
Dimensions 22 cm.
650 ## - SUBJECT ADDED ENTRY--TOPICAL TERM
Topical term or geographic name as entry element Educational leadership
General subdivision Psychological aspects
650 ## - SUBJECT ADDED ENTRY--TOPICAL TERM
Topical term or geographic name as entry element Emotion
942 ## - ADDED ENTRY ELEMENTS (KOHA)
Koha item type Books
Source of classification or shelving scheme Library of Congress Classification
Call number prefix Foreign
Holdings
Withdrawn status Lost status Source of classification or shelving scheme Damaged status Home library Current library Shelving location Date acquired Cost, normal purchase price Total Checkouts Full call number Barcode Date last seen Copy number Price effective from Koha item type
    Library of Congress Classification   College Library College Library General Circulation Section 10/27/2011 3178.00   LB 2806 .C69 2009 C13160 05/15/2018 1 10/18/2013 Books

Getting to the heart of leadership :

APA

Crawford M., . (2009). Getting to the heart of leadership. London: SAGE.

Chicago

Crawford Megan, . 2009. Getting to the heart of leadership. London: SAGE.

Harvard

Crawford M., . (2009). Getting to the heart of leadership. London: SAGE.

MLA

Crawford Megan, . Getting to the heart of leadership. London: SAGE. 2009.

  • Place hold
  • Print
  • Cite
  • Add to your cart (remove)
  • Save record
    BIBTEX Dublin Core MARCXML MARC (non-Unicode/MARC-8) MARC (Unicode/UTF-8) MARC (Unicode/UTF-8, Standard) MODS (XML) RIS
  • More searches
    Search for this title in:
    Other Libraries (WorldCat) Other Databases (Google Scholar) Online Stores (Bookfinder.com) Open Library (openlibrary.org)

Exporting to Dublin Core...

SOUTHVILLE LIBRARY

Southville International School and Colleges Library

1281 Tropical Ave. Cor. Luxembourg St., BF Homes International, Las Pinas City

Tel. No. 8256374 / 252358 Loc. 117/146

Powered by Koha